| 000 | 01075nam0a22002771 4500 | ||
|---|---|---|---|
| 001 | v19\rc\1869121 | ||
| 005 | 20260406164318.0 | ||
| 035 | _a(NLR Aleph) 004960703 | ||
| 090 |
_a5980704 _c5980704 |
||
| 100 | _a20080221d1910 u y0rusy50 ca | ||
| 101 | 1 |
_arus _alat _clat |
|
| 102 | _aRU | ||
| 105 | _ay z ||||| | ||
| 200 | 1 |
_aЭнеида _eПеснь IV _eВ 2 ч. _fСост. Ф.З. Пемов _hЧ. 1 _iТекст (по изд. Тейбнера) _hЧ. 2 _iСлова, синтаксический разбор с грам. примеч. и перевод |
|
| 210 |
_aКиев [и др.] _cФ.А. Иогансон _d1910 _eКиев |
||
| 215 |
_a208 с. _d15 |
||
| 300 | _aНа тит. л. и обл. авт. не указан | ||
| 700 | 1 |
_8rus _7ca _aВергилий Марон _bП. _gПублий _f70-19 до н.э. _3RU\NLR\AUTH\7710632 _9120399 |
|
| 702 | 1 |
_aПемов _bФ.З. _4220 |
|
| 801 | 0 |
_aRU _bNLR _gpsbo |
|
| 801 | 0 |
_aRU _bRuMoRGB _2psbo |
|
| 801 | 1 |
_aRU _bProSoft-M _2rusmarc |
|
| 852 |
_aNLR _j34.82.5.1292 |
||
| 899 |
_aRuMoRGB _jU 74/207 |
||
| 942 | _cBOOK | ||
| 980 | _aNB | ||